MARC details
| 000 -CABECERA |
| campo de control de longitud fija |
01217nam a2200253 a 4500 |
| 005 - FECHA Y HORA DE LA ÚLTIMA TRANSACCIÓN |
| campo de control |
20250617063820.0 |
| 008 - ELEMENTOS DE LONGITUD FIJA--INFORMACIÓN GENERAL |
| campo de control de longitud fija |
070419s2005 mx r 000 0 spa d |
| 020 ## - NÚMERO INTERNACIONAL NORMALIZADO PARA LIBROS |
| Número Internacional Estándar del Libro |
9707016272 |
| 035 ## - NÚMERO DE CONTROL DEL SISTEMA |
| Número de control de sistema |
UPN01000150091 |
| 049 ## - COLECCIÓN |
| Colección |
CG |
| 050 #4 - SIGNATURA TOPOGRÁFICA DE LA BIBLIOTECA DEL CONGRESO |
| Número de clasificación |
HC140 E4.4 |
| Número de documento/Ítem |
G3.3 |
| 100 1# - ASIENTO PRINCIPAL--NOMBRE PERSONAL |
| Nombre de persona |
Garza Cantú, Vidal, |
| Fechas asociadas al nombre |
1968- |
| 245 14 - MENCIÓN DE TÍTULO |
| Título |
Los estados mexicanos : |
| Resto del título |
sus activos y su dinamismo económico y social / |
| Mención de responsabilidad, etc. |
Vidal Garza Cantú, José Polendo Garza, Francisco García Hernández. |
| 260 ## - PUBLICACIÓN, DISTRIBUCIÓN, ETC. |
| Lugar de publicación, distribución, etc. |
México : |
| Nombre del editor, distribuidor, etc. |
M. A. Porrúa : |
| -- |
Instituto Tecnológico de Estudios Superiores de Monterrey, Escuela de Graduados en Administración Pública y Política Pública : |
| -- |
Cámara de Diputados, LIX Legislatura, |
| Fecha de publicación, distribución, etc. |
2005. |
| 300 ## - DESCRIPCIÓN FÍSICA |
| Extensión |
178 p. : |
| Otras características físicas |
mapas + |
| Material acompañante/anejo |
1 CD-ROM ; 4 3/4 plg. |
| 440 #0 - MENCIÓN DE SERIE/ASIENTO SECUNDARIO--TÍTULO |
| Título |
Conocer para decidir |
| 538 ## - NOTA DE DETALLES DEL SISTEMA |
| Nota de detalles del sistema |
Para visualizar adecuadamente los archivos de apoyo incluidos en el CD-ROM, es necesario tener instalado Acrobat Reader en versión 5 o superior |
| 650 #4 - ASIENTO SECUNDARIO DE MATERIA - TERMINO TEMATICO |
| Término de materia o nombre geográfico como elemento de entrada |
Desarrollo económico |
| Subdivisión geográfica |
México |
| 9 (RLIN) |
12453 |
| 651 #4 - ASIENTO SECUNDARIO DE MATERIA - NOMBRE GEOGRAFICO |
| Nombre geográfico |
México |
| Subdivisión general |
Condiciones económicas |
| 9 (RLIN) |
5661 |
| 651 #4 - ASIENTO SECUNDARIO DE MATERIA - NOMBRE GEOGRAFICO |
| Nombre geográfico |
México |
| Subdivisión general |
Condiciones sociales |
| 9 (RLIN) |
4559 |
| 700 1# - ASIENTO SECUNDARIO--NOMBRE DE PERSONAL |
| Nombre de persona |
Polendo Garza, José, |
| Término indicativo de función/relación |
coaut. |
| 700 1# - ASIENTO SECUNDARIO--NOMBRE DE PERSONAL |
| Nombre de persona |
García Hernández, Francisco, |
| Término indicativo de función/relación |
coaut. |
| 905 ## - TIPO DE MATERIAL |
| Tipo de material |
Libro |